[Event "21st Dubai Open 2019"]
[Site "Dubai UAE"]
[Date "2019.04.04"]
[Round "4.38"]
[White "Manush, Shah"]
[Black "Jeet, Jain"]
[Result "1/2-1/2"]
[WhiteTitle "FM"]
[BlackTitle "FM"]
[WhiteElo "2405"]
[BlackElo "2219"]
[WhiteFideId "5040680"]
[BlackFideId "5073022"]
[EventDate "2019.04.01"]

1. d4 d5 2. c4 e6 3. e3 Nf6 4. Nf3 b6 5. Nc3 Bb7 6. cxd5 exd5 7. Bd3 Bd6 8. O-O
O-O 9. Qc2 c5 10. b3 Nc6 11. a3 g6 12. Bb2 cxd4 13. exd4 a6 14. Rfe1 Qc7 15. g3
Rfe8 16. b4 b5 17. Qd2 Bf8 18. Bf1 Ne4 1/2-1/2

[Event "21st Dubai Open 2019"]
[Site "Dubai UAE"]
[Date "2019.04.06"]
[Round "5.1"]
[White "Raghunandan, Kaumandur Srihari"]
[Black "Indjic, Aleksandar"]
[Result "1/2-1/2"]
[WhiteTitle "IM"]
[BlackTitle "GM"]
[WhiteElo "2352"]
[BlackElo "2620"]
[WhiteFideId "25004964"]
[BlackFideId "911925"]
[EventDate "2019.04.01"]

1. d4 Nf6 2. c4 e6 3. Nf3 a6 4. Nc3 d5 5. cxd5 exd5 6. Bg5 Be6 7. e3 Nbd7 8. Bd3
Bd6 9. O-O c6 10. Qc2 h6 11. Bf4 Qb8 12. Bxd6 Qxd6 13. h3 O-O 14. Na4 Rfe8 15.
Nd2 a5 16. Rac1 Re7 17. Nc5 Nxc5 18. Qxc5 Qc7 19. Rfe1 Kh8 20. a4 g5 21. Nf3 Rg8
22. Ne5 Ree8 23. b4 axb4 24. Qxb4 g4 25. h4 g3 26. f4 Rg7 27. a5 Ng4 28. a6 Qd8
29. axb7 Nxe5 30. b8=Q Qxb8 31. Qxb8 Rxb8 32. dxe5 Bd7 33. e4 Rg4 34. exd5 cxd5
35. Rc7 Be8 36. f5 Rd4 37. Bf1 Rxh4 38. Rc3 Rg4 39. e6 Kg7 40. exf7 Bxf7 41. f6+
Kxf6 42. Rf3+ Kg7 43. Re7 Rf8 44. Ree3 Bh5 45. Rxg3 Rxg3 46. Rxg3+ Kf6 47. Rh3
Kg5 48. Rd3 Rf5 49. g4 Bxg4 50. Bg2 Kh4 51. Rxd5 Rf6 52. Rd4 h5 53. Rb4 Rd6 54.
Bf3 Rd3 55. Bxg4 hxg4 56. Rb1 Kg3 57. Ra1 Rb3 58. Rc1 Kh3 59. Ra1 g3 60. Rc1 1/2-1/2

[Event "21st Dubai Open 2019"]
[Site "Dubai UAE"]
[Date "2019.04.06"]
[Round "5.4"]
[White "Kuzubov, Yuriy"]
[Black "Santos Ruiz, Miguel"]
[Result "1-0"]
[WhiteTitle "GM"]
[BlackTitle "GM"]
[WhiteElo "2644"]
[BlackElo "2560"]
[WhiteFideId "14112906"]
[BlackFideId "22291482"]
[EventDate "2019.04.01"]

1. Nf3 d5 2. g3 g6 3. c4 dxc4 4. Na3 Bg7 5. Nxc4 Nc6 6. Bg2 e5 7. d3 Nge7 8. Bd2
a5 9. h4 h6 10. Qc1 Be6 11. O-O Qd7 12. Re1 Ra7 13. b3 Nf5 14. Bc3 f6 15. e4
Nfd4 16. Nxd4 exd4 17. Bd2 h5 18. a4 O-O 19. f4 Nb4 20. Bxb4 axb4 21. Qd2 c5 22.
Rac1 Ra6 23. Kh2 Bh6 24. Qe2 Kg7 25. Rc2 Kh7 26. Qf1 b5 27. axb5 Qxb5 28. f5
gxf5 29. exf5 Bxc4 30. Rxc4 Be3 31. Rc2 Qb6 32. Bd5 Qd6 33. Qf3 Kh6 34. Kh3 Ra7
35. Ree2 Re8 36. Rg2 Ree7 37. Ra2 Rxa2 38. Rxa2 Bc1 39. Ra8 Re3 40. Qxh5+ 1-0

[Event "21st Dubai Open 2019"]
[Site "Dubai UAE"]
[Date "2019.04.06"]
[Round "5.6"]
[White "Sethuraman, S.P."]
[Black "Yeoh, Li Tian"]
[Result "0-1"]
[WhiteTitle "GM"]
[BlackTitle "IM"]
[WhiteElo "2637"]
[BlackElo "2522"]
[WhiteFideId "5021596"]
[BlackFideId "5702895"]
[EventDate "2019.04.01"]

1. e4 c6 2. d4 d5 3. e5 Bf5 4. h4 h6 5. g4 Be4 6. f3 Bh7 7. e6 Qd6 8. exf7+ Kxf7
9. Ne2 Nd7 10. Nbc3 e5 11. Be3 Re8 12. Bg2 exd4 13. Qxd4 Bxc2 14. Qxa7 Qb4 15.
a3 Qxb2 16. O-O Ngf6 17. Bf2 Bc5 18. Bxc5 Ra8 19. Ra2 Qb3 20. Nc1 Qc4 21. Qxb7
Qxc5+ 22. Rf2 Rab8 23. Qc7 Bb1 24. g5 hxg5 25. hxg5 Qxc3 26. gxf6 Qxc1+ 27. Rf1
Qe3+ 28. Raf2 Bf5 29. fxg7 Rhc8 30. Qg3 Rg8 31. Qd6 Qe6 32. Qf4 Qe5 33. Qc1 Qf6
34. a4 Rxg7 35. a5 Bh3 0-1

[Event "21st Dubai Open 2019"]
[Site "Dubai UAE"]
[Date "2019.04.06"]
[Round "5.7"]
[White "Iturrizaga Bonelli, Eduardo"]
[Black "Vokhidov, Shamsiddin"]
[Result "1-0"]
[WhiteTitle "GM"]
[BlackTitle "IM"]
[WhiteElo "2639"]
[BlackElo "2494"]
[WhiteFideId "3901211"]
[BlackFideId "14204223"]
[EventDate "2019.04.01"]

1. c4 e6 2. Nf3 d5 3. b3 Nf6 4. Bb2 b6 5. e3 Bb7 6. Nc3 a6 7. g3 Nbd7 8. cxd5
exd5 9. Bg2 g6 10. d4 Bg7 11. O-O O-O 12. Rc1 Qe7 13. Qc2 Rfd8 14. Rfd1 Ne8 15.
Ne1 Nef6 16. Nd3 Ne4 17. Nxe4 dxe4 18. Qxc7 Rab8 19. Ne5 Bd5 20. Nc6 Bxc6 21.
Rxc6 Qe8 22. Rcc1 Nf6 23. Qf4 Qe6 24. h3 Re8 25. Qe5 Qd7 26. Qc7 Qf5 27. Qc4 Nd5
28. a3 b5 29. Qc6 Re6 30. Qd7 Bf8 31. g4 Qg5 32. h4 Qd8 33. Qxd8 Rxd8 34. Rc2 f5
35. gxf5 gxf5 36. Bh3 Rg6+ 37. Kf1 f4 38. Bf5 Rf6 39. Bxe4 fxe3 40. Bc1 Bh6 41.
f3 Rf4 42. Rc5 Nf6 43. Bxe3 Nxe4 44. Bxf4 Nxc5 45. Bxh6 Nxb3 46. d5 Na5 47. Rd4
Kf7 48. Bg5 Rd6 49. Ke2 Nc4 50. Kd3 Nxa3 51. Rf4+ Ke8 52. Kd4 Rd7 53. Re4+ Kf7
54. Kc5 Nc4 55. Re6 Rc7+ 56. Rc6 Rxc6+ 57. dxc6 Ke6 58. Bf4 Ke7 59. Bg5+ Ke6 60.
Bf4 Ke7 61. Bc7 Ne3 62. Be5 Kd8 63. h5 Kc8 64. Bc3 Nf5 65. Kd5 b4 66. Bxb4 h6
67. Bc3 Ng3 68. Be5 Nf1 69. Bf4 a5 70. Ke4 1-0

[Event "21st Dubai Open 2019"]
[Site "Dubai UAE"]
[Date "2019.04.06"]
[Round "5.8"]
[White "Visakh, N R"]
[Black "Adly, Ahmed"]
[Result "0-1"]
[WhiteTitle "IM"]
[BlackTitle "GM"]
[WhiteElo "2509"]
[BlackElo "2611"]
[WhiteFideId "25012223"]
[BlackFideId "10601619"]
[EventDate "2019.04.01"]

1. e4 c5 2. Nf3 Nc6 3. Bb5 g6 4. Bxc6 dxc6 5. d3 Bg7 6. h3 Nf6 7. Nc3 Qc7 8. Be3
b6 9. Qd2 h6 10. O-O e5 11. Nh2 Nh5 12. Ne2 Be6 13. b4 cxb4 14. Qxb4 Nf4 15.
Rfe1 Bd7 16. a4 Ne6 17. a5 b5 18. a6 Rc8 19. Qa5 O-O 20. c4 f5 21. cxb5 cxb5 22.
Qa2 Kh7 23. Rec1 Qb8 24. Qd5 Rfd8 25. Qb7 Rxc1+ 26. Nxc1 Nd4 27. Bxd4 exd4 28.
Nb3 fxe4 29. dxe4 Be6 30. Nc5 Bc4 31. Nf3 d3 32. Rd1 Qxb7 33. axb7 Rb8 34. Ne1
Bd4 35. Nexd3 a5 36. Nb4 Bxc5 37. Rd7+ Kg8 38. Nc6 Rf8 39. b8=Q Bxf2+ 40. Kh1
Rxb8 41. Nxb8 a4 42. Nc6 a3 43. Rd8+ Kg7 44. Ra8 Bc5 45. Ne5 Be2 46. Nd7 Be7 47.
Ra7 b4 48. Nc5 Kf8 49. Ne6+ Ke8 50. Nc7+ Kd8 51. Ne6+ Kc8 52. Rxe7 b3 53. Re8+
Kd7 54. Nc5+ Kxe8 55. Nxb3 Bd3 56. Kg1 Bc2 57. Na1 Bxe4 58. Kf2 Ke7 59. g3 Kd6
60. Ke3 Ke5 61. h4 Bf5 62. Nb3 Kd5 63. Na1 Kc4 64. Kd2 a2 65. g4 Bxg4 66. Kc2 g5
67. hxg5 hxg5 68. Kb2 Bd1 0-1

[Event "21st Dubai Open 2019"]
[Site "Dubai UAE"]
[Date "2019.04.06"]
[Round "5.9"]
[White "Sindarov, Javokhir"]
[Black "Tabatabaei, M.amin"]
[Result "0-1"]
[WhiteTitle "GM"]
[BlackTitle "GM"]
[WhiteElo "2505"]
[BlackElo "2600"]
[WhiteFideId "14205483"]
[BlackFideId "12521213"]
[EventDate "2019.04.01"]

1. e4 c5 2. Nf3 d6 3. d4 cxd4 4. Nxd4 Nf6 5. Nc3 Nc6 6. g3 Bd7 7. Bg2 g6 8. Nxc6
Bxc6 9. O-O Bg7 10. Nd5 O-O 11. Re1 Re8 12. c3 a5 13. Bg5 Nd7 14. Qd2 Rb8 15.
Rad1 Ne5 16. b3 Bd7 17. f4 Nc6 18. e5 h6 19. exd6 hxg5 20. dxe7 Nxe7 21. Nxe7+
Rxe7 22. Rxe7 Qxe7 23. Qxd7 Qe3+ 24. Kh1 gxf4 25. gxf4 Bf6 26. Bd5 Rf8 27. f5 g5
28. Qxb7 Qxc3 29. Bc4 Kh8 30. Qc6 Kg7 31. Qb7 Be5 32. Qd5 Qe3 33. f6+ Bxf6 34.
Rf1 Qe7 35. Rf2 Rh8 36. Re2 Qc7 37. Rf2 Rh4 38. Qf5 Qd6 39. Qd5 Qe7 40. Re2 Qc7
41. Rf2 Rd4 42. Qf3 Qe7 43. Re2 Qd7 44. Rf2 Rf4 45. Qg2 Rh4 46. Qf3 Rh6 47. Qd5
Qa7 48. Qf5 Qb7+ 49. Qd5 Qc7 50. Qf5 a4 51. Rd2 axb3 52. axb3 Qb7+ 53. Qd5 Qa7
54. Qd7 Qa8+ 55. Kg1 Qf8 56. Re2 Rh4 57. Qc7 Bd4+ 58. Kg2 Qa8+ 59. Kg3 Rh3+ 60.
Kxh3 Qf3+ 61. Qg3 g4+ 0-1

[Event "21st Dubai Open 2019"]
[Site "Dubai UAE"]
[Date "2019.04.06"]
[Round "5.10"]
[White "Nguyen, Anh Khoi"]
[Black "Aravindh, Chithambaram VR."]
[Result "1-0"]
[WhiteTitle "IM"]
[BlackTitle "GM"]
[WhiteElo "2484"]
[BlackElo "2599"]
[WhiteFideId "12404675"]
[BlackFideId "5072786"]
[EventDate "2019.04.01"]

1. d4 Nf6 2. c4 e6 3. g3 d5 4. Nf3 Be7 5. Bg2 O-O 6. O-O dxc4 7. Qc2 a6 8. a4
Bd7 9. Qxc4 Bc6 10. Bf4 a5 11. Nc3 Na6 12. Rac1 Bxf3 13. Bxf3 c6 14. e4 Nd7 15.
Rfd1 Bg5 16. Bxg5 Qxg5 17. e5 Qe7 18. Qe2 Nb6 19. Be4 Nb4 20. Bb1 Rfd8 21. b3
Rd7 22. Ne4 Rad8 23. Qh5 h6 24. Qg4 Kf8 25. Nc5 Rd5 26. Qe4 Qg5 27. h4 Qh5 28.
Nxb7 R8d7 29. Nd6 f5 30. Qe3 c5 31. Rd2 g5 32. dxc5 Rc7 33. Nb5 f4 34. Qe1 gxh4
35. Nxc7 1-0

[Event "21st Dubai Open 2019"]
[Site "Dubai UAE"]
[Date "2019.04.06"]
[Round "5.11"]
[White "Sadhwani, Raunak"]
[Black "Pichot, Alan"]
[Result "1/2-1/2"]
[WhiteTitle "IM"]
[BlackTitle "GM"]
[WhiteElo "2455"]
[BlackElo "2584"]
[WhiteFideId "35093487"]
[BlackFideId "110973"]
[EventDate "2019.04.01"]

1. e4 c5 2. Nf3 Nc6 3. d4 cxd4 4. Nxd4 Nf6 5. Nc3 d6 6. Bg5 e6 7. Qd2 a6 8.
O-O-O Be7 9. f4 Bd7 10. Be2 h6 11. Bh4 b5 12. Bf3 Rc8 13. Nxc6 Bxc6 14. Bxf6
Bxf6 15. Qxd6 Qxd6 16. Rxd6 Be7 17. Rd3 g5 18. g3 h5 19. e5 Bxf3 20. Rxf3 h4 21.
Rd1 hxg3 22. hxg3 Rh2 23. Rd2 Rh1+ 24. Rd1 Rh2 25. Rd2 Rh1+ 26. Rd1 Rh2 1/2-1/2

[Event "21st Dubai Open 2019"]
[Site "Dubai UAE"]
[Date "2019.04.06"]
[Round "5.12"]
[White "Debashis, Das"]
[Black "Laxman, R.R."]
[Result "1-0"]
[WhiteTitle "GM"]
[BlackTitle "GM"]
[WhiteElo "2532"]
[BlackElo "2425"]
[WhiteFideId "5024854"]
[BlackFideId "5005361"]
[EventDate "2019.04.01"]

1. Nf3 Nf6 2. c4 e6 3. Nc3 Bb4 4. Qc2 c5 5. a3 Ba5 6. e3 O-O 7. d4 d6 8. Be2 Nc6
9. O-O Qe7 10. Rd1 Bxc3 11. Qxc3 e5 12. d5 Nb8 13. b4 b6 14. Nd2 e4 15. Bb2 Nbd7
16. Qc2 Re8 17. Rdb1 h6 18. Bc3 a5 19. bxa5 bxa5 20. Rb5 a4 21. Ra5 Rxa5 22.
Bxa5 Qe5 23. Bc3 Qf5 24. Qxa4 Ne5 25. Rb1 Rf8 26. Qd1 h5 27. Rb6 Rd8 28. a4 h4
29. a5 h3 30. g3 Nfg4 31. Qf1 Nf3+ 32. Nxf3 exf3 33. Bd3 Qd7 34. Qxh3 f5 35. Qh5
Qe7 36. h3 Ne5 37. Bf1 Nd7 38. Rb1 Qe4 39. Qg5 1-0

[Event "21st Dubai Open 2019"]
[Site "Dubai UAE"]
[Date "2019.04.06"]
[Round "5.13"]
[White "Ghaem Maghami, Ehsan"]
[Black "Mendonca, Leon Luke"]
[Result "1-0"]
[WhiteTitle "GM"]
[BlackTitle "CM"]
[WhiteElo "2536"]
[BlackElo "2446"]
[WhiteFideId "12500739"]
[BlackFideId "35028561"]
[EventDate "2019.04.01"]

1. e4 c5 2. Nf3 d6 3. Bb5+ Nd7 4. O-O a6 5. Bxd7+ Bxd7 6. d4 cxd4 7. Qxd4 Rc8 8.
c4 e5 9. Qd3 b5 10. Nfd2 Qc7 11. b3 b4 12. a3 a5 13. Re1 Nf6 14. Nf1 Bc6 15. Ng3
Nd7 16. axb4 axb4 17. Be3 g6 18. Nd2 Be7 19. Ra7 Qb8 20. Rea1 Bb7 21. Ndf1 O-O
22. Bh6 Nc5 23. Qc2 Rfe8 24. Bd2 Bc6 25. Ne3 Qb6 26. Nd5 Bxd5 27. exd5 f5 28.
Be3 Qb8 29. R7a5 Qc7 30. Bxc5 dxc5 31. Ra7 Qb8 32. Nxf5 gxf5 33. Qxf5 Rc7 34.
Qe6+ Kf8 35. R7a6 Qc8 36. Qxe5 Kg8 37. Re6 Kf7 38. Re1 Ra7 39. d6 1-0

[Event "21st Dubai Open 2019"]
[Site "Dubai UAE"]
[Date "2019.04.06"]
[Round "5.14"]
[White "Aditya, Mittal"]
[Black "Chanda, Sandipan"]
[Result "1/2-1/2"]
[WhiteTitle "CM"]
[BlackTitle "GM"]
[WhiteElo "2454"]
[BlackElo "2534"]
[WhiteFideId "35042025"]
[BlackFideId "5004225"]
[EventDate "2019.04.01"]

1. d4 f5 2. g3 Nf6 3. Bg2 g6 4. Nf3 Bg7 5. O-O O-O 6. b3 e6 7. Bb2 d5 8. c4 c6
9. Nbd2 a5 10. a3 Nbd7 11. Qc2 a4 12. b4 Ne4 13. Ne5 Nxd2 14. Qxd2 Nb6 15. c5
Bxe5 16. dxe5 Nc4 17. Qc1 Nxb2 18. Qxb2 Bd7 19. Qd4 g5 20. f4 Rf7 21. Kf2 gxf4
22. Qxf4 Rg7 23. Bf3 Be8 24. Ke3 Bg6 25. Rac1 Qe8 26. Rfd1 Bh5 27. h3 Kh8 28.
Rd4 Bxf3 29. exf3 Qh5 30. h4 Rag8 31. Rg1 Qe8 32. Kf2 Qb8 33. Rd3 Qc7 1/2-1/2

[Event "21st Dubai Open 2019"]
[Site "Dubai UAE"]
[Date "2019.04.06"]
[Round "5.15"]
[White "Kuybokarov, Temur"]
[Black "Akash, G"]
[Result "1/2-1/2"]
[WhiteTitle "GM"]
[BlackTitle "IM"]
[WhiteElo "2519"]
[BlackElo "2411"]
[WhiteFideId "14203049"]
[BlackFideId "5040299"]
[EventDate "2019.04.01"]

1. d4 Nf6 2. c4 g6 3. Nc3 Bg7 4. e4 d6 5. Nf3 O-O 6. Be2 e5 7. O-O Nc6 8. d5 Ne7
9. b4 Nh5 10. Re1 f5 11. a4 Nf6 12. a5 Kh8 13. Bf1 Neg8 14. c5 Nxe4 15. Nxe4
fxe4 16. Ng5 Nf6 17. a6 b6 18. cxb6 cxb6 19. Nxe4 Nxe4 20. Rxe4 Bd7 21. Be3 Rc8
22. Rc1 Rxc1 23. Qxc1 Qc8 24. Qa3 Qa8 25. Qb3 Bf5 26. Rh4 e4 27. Bg5 Rf7 28. Qc4
Qb8 29. g4 Bd7 30. Qxe4 Kg8 31. Rh3 Qc8 32. Be2 Be5 33. Kg2 Ba4 34. b5 Bc2 35.
Bd3 Bxd3 36. Rxd3 Qc2 37. Be3 Qe2 38. Rd4 Bxd4 39. Qe8+ Rf8 40. Qe6+ Rf7 41.
Qc8+ Rf8 42. Qe6+ Rf7 43. Qc8+ Rf8 44. Qe6+ 1/2-1/2

[Event "21st Dubai Open 2019"]
[Site "Dubai UAE"]
[Date "2019.04.06"]
[Round "5.16"]
[White "Tissir, Mohamed"]
[Black "Venkatesh, M.R."]
[Result "1/2-1/2"]
[WhiteTitle "IM"]
[BlackTitle "GM"]
[WhiteElo "2386"]
[BlackElo "2517"]
[WhiteFideId "9000240"]
[BlackFideId "5005779"]
[EventDate "2019.04.01"]

1. Nf3 Nf6 2. g3 b6 3. Bg2 Bb7 4. O-O e6 5. c4 c5 6. Nc3 Be7 7. Re1 Qc8 8. e4 d6
9. d4 cxd4 10. Qxd4 Nc6 11. Qd2 O-O 12. b3 Rd8 13. Bb2 Nd7 14. Rac1 Nce5 15.
Red1 Nxf3+ 16. Bxf3 Ne5 17. Bg2 h5 18. Qe2 h4 19. Ba3 hxg3 20. hxg3 a6 21. Bb2
Qc7 22. Rc2 Bf8 23. f4 Nd7 24. Bf3 Rac8 25. Rcd2 Nf6 26. Kg2 Bc6 1/2-1/2

[Event "21st Dubai Open 2019"]
[Site "Dubai UAE"]
[Date "2019.04.06"]
[Round "5.17"]
[White "Hedman, Erik"]
[Black "Sanal, Vahap"]
[Result "0-1"]
[WhiteTitle "FM"]
[BlackTitle "GM"]
[WhiteElo "2385"]
[BlackElo "2511"]
[WhiteFideId "1702351"]
[BlackFideId "6300545"]
[EventDate "2019.04.01"]

1. d4 Nf6 2. c4 e6 3. Nf3 b6 4. a3 Bb7 5. Nc3 d5 6. cxd5 Nxd5 7. Qc2 Be7 8. e4
Nxc3 9. bxc3 O-O 10. Bd3 c5 11. O-O Qc8 12. Qe2 Ba6 13. Rd1 Bxd3 14. Rxd3 Nd7
15. e5 h6 16. Ne1 f5 17. h4 Kh7 18. Nf3 c4 19. Rd1 Qc6 20. d5 exd5 21. Nd4 Qg6
22. h5 Qg4 23. Nf3 Qe4 24. Qxe4 fxe4 25. Rxd5 exf3 26. Rxd7 Bc5 27. e6 Rae8 28.
e7 Rxe7 29. Rxe7 Bxe7 30. Be3 fxg2 31. a4 Rf5 0-1

[Event "21st Dubai Open 2019"]
[Site "Dubai UAE"]
[Date "2019.04.06"]
[Round "5.18"]
[White "Iniyan, P"]
[Black "Pranav, V"]
[Result "1-0"]
[WhiteTitle "IM"]
[WhiteElo "2487"]
[BlackElo "2258"]
[WhiteFideId "25002767"]
[BlackFideId "25060783"]
[EventDate "2019.04.01"]

1. d4 Nf6 2. c4 e6 3. Nc3 Bb4 4. e3 O-O 5. Bd3 d5 6. Nf3 b6 7. O-O Bb7 8. cxd5
exd5 9. a3 Bd6 10. b4 Nbd7 11. Qb3 a5 12. b5 Re8 13. Kh1 Bf8 14. a4 Ne4 15. Ba3
Bxa3 16. Qxa3 Qf6 17. Kg1 Rac8 18. Rfc1 Qd6 19. Rc2 h6 20. Ne2 Nef6 21. Qb3 g6
22. Rac1 Kg7 23. Nf4 c5 24. bxc6 Rxc6 25. Rxc6 Bxc6 26. Bxg6 fxg6 27. Qc2 Bb7
28. Qxg6+ Kh8 29. Qxh6+ Kg8 30. Qg6+ Kf8 31. Ng5 Re7 32. h4 Bc6 33. h5 Nb8 34.
Nfe6+ Rxe6 35. Qf7# 1-0

[Event "21st Dubai Open 2019"]
[Site "Dubai UAE"]
[Date "2019.04.06"]
[Round "5.19"]
[White "Yilmaz, Mustafa"]
[Black "Nitin, S."]
[Result "1/2-1/2"]
[WhiteTitle "GM"]
[BlackTitle "IM"]
[WhiteElo "2636"]
[BlackElo "2408"]
[WhiteFideId "6302718"]
[BlackFideId "5018277"]
[EventDate "2019.04.01"]

1. d4 Nf6 2. c4 g6 3. Nc3 Bg7 4. e4 d6 5. Be2 O-O 6. Nf3 e5 7. O-O Nc6 8. d5 Ne7
9. Bd2 Nd7 10. Rc1 f5 11. Ng5 Nf6 12. f3 h6 13. Ne6 Bxe6 14. dxe6 c6 15. Be3 Ne8
16. Qb3 b6 17. Rfd1 Qc8 18. c5 bxc5 19. Na4 Rb8 20. Qa3 fxe4 21. fxe4 Qb7 22.
Bc4 Qb4 23. Nxc5 Qxa3 24. bxa3 dxc5 25. Bxc5 Bf6 26. Rd7 Bg5 27. Rcd1 Nf6 28.
Bxe7 Nxd7 29. exd7+ Kg7 30. Bxf8+ Kxf8 31. Rd6 Ke7 32. Rxc6 Rb6 33. Rxb6 Be3+
34. Kf1 Bxb6 35. Bb5 Bc5 36. Ke2 Bb6 37. Kf3 a5 38. Kg4 Kf6 39. Bc4 Ke7 40. Bb5
Kf6 41. Kf3 Ke7 42. Ke2 Kd6 43. Kd3 Kc5 44. Bc4 Kd6 45. Bf7 Kxd7 46. Bxg6 Ke7
47. Kc4 Be3 48. Kd5 Kf6 49. Bf5 Bc1 50. a4 Be3 51. Kd6 Bd2 52. Kd7 Bb4 53. Bg4
Ba3 54. Kc6 Bb4 55. Bh5 Bd2 56. Be8 Bc3 57. Bd7 Bd2 58. Bf5 Bc3 59. Kd6 Bb4+ 60.
Kd5 Bd2 61. Kc4 Bb4 62. g3 Bd2 63. Bd7 Bb4 1/2-1/2

[Event "21st Dubai Open 2019"]
[Site "Dubai UAE"]
[Date "2019.04.06"]
[Round "5.20"]
[White "Mchedlishvili, Mikheil"]
[Black "Raja, Rithvik R"]
[Result "1-0"]
[WhiteTitle "GM"]
[BlackTitle "IM"]
[WhiteElo "2610"]
[BlackElo "2423"]
[WhiteFideId "13600966"]
[BlackFideId "35007394"]
[EventDate "2019.04.01"]

1. d4 Nf6 2. Bg5 Ne4 3. Bf4 d5 4. e3 c5 5. Bd3 Nf6 6. Nc3 a6 7. dxc5 Nc6 8. Bg5
e6 9. Na4 h6 10. Bxf6 Qxf6 11. Nf3 Bd7 12. c3 Be7 13. O-O O-O 14. b4 Rad8 15.
Qc2 e5 16. e4 Bg4 17. Nd2 d4 18. f3 dxc3 19. Qxc3 Qg5 20. Nb2 Qe3+ 21. Kh1 Be6
22. Nb3 Bxb3 23. Qxb3 a5 24. a3 axb4 25. axb4 Qd2 26. Ra4 Nd4 27. Qa2 Ne2 28.
Rd1 Rxd3 29. Rxd2 Rxd2 30. Ra8 Rxa8 31. Qxa8+ Kh7 32. Qa3 Bg5 33. g3 Nd4 34. Nc4
Rf2 35. Nxe5 f6 36. Ng4 Rxf3 37. Qa1 Nc2 38. Qd1 Rc3 39. h4 Ne3 40. Nxe3 Bxe3
41. Qd5 b6 42. c6 Rc1+ 43. Kg2 Rc2+ 44. Kf3 Bg1 45. h5 1-0

[Event "21st Dubai Open 2019"]
[Site "Dubai UAE"]
[Date "2019.04.06"]
[Round "5.21"]
[White "Can, Emre"]
[Black "Saurabh, Anand"]
[Result "1-0"]
[WhiteTitle "GM"]
[WhiteElo "2586"]
[BlackElo "2385"]
[WhiteFideId "6302181"]
[BlackFideId "5094496"]
[EventDate "2019.04.01"]

1. Nf3 d5 2. d4 Nf6 3. c4 e6 4. g3 dxc4 5. Bg2 a6 6. O-O Nc6 7. e3 Bd7 8. Qe2
Bd6 9. Qxc4 O-O 10. Nbd2 Qe7 11. Qe2 Rab8 12. Nc4 e5 13. dxe5 Nxe5 14. Nxd6 Qxd6
15. Rd1 Nxf3+ 16. Bxf3 Qe5 17. e4 Ba4 18. Re1 Rbc8 19. Bf4 Qe6 20. b3 Bb5 21.
Qc2 Rfd8 22. Rad1 Rxd1 23. Qxd1 Bc6 24. Qd4 a5 25. Bg2 a4 26. b4 Qxa2 27. b5
Bxb5 28. e5 c5 29. Qd1 Ne8 30. Bxb7 Rc7 31. Bd5 Bc4 32. Bxc4 Qxc4 33. e6 Ra7 34.
Qd7 Ra8 35. Qxf7+ Kh8 36. Qf8# 1-0

[Event "21st Dubai Open 2019"]
[Site "Dubai UAE"]
[Date "2019.04.06"]
[Round "5.22"]
[White "Vishnu Prasanna, V"]
[Black "Assaubayeva, Bibisara"]
[Result "1-0"]
[WhiteTitle "GM"]
[BlackTitle "FM"]
[WhiteElo "2524"]
[BlackElo "2376"]
[WhiteFideId "5030692"]
[BlackFideId "13708694"]
[EventDate "2019.04.01"]

1. d4 d5 2. c4 c6 3. Nf3 Nf6 4. Nc3 e6 5. Qc2 Nbd7 6. cxd5 exd5 7. Bf4 Nh5 8.
Bd2 g6 9. e4 dxe4 10. Nxe4 Be7 11. Bc4 Nb6 12. Bb3 a5 13. a3 a4 14. Ba2 Ng7 15.
O-O Be6 16. Bxe6 Nxe6 17. Nc5 Bxc5 18. dxc5 Nd5 19. Bh6 Qf6 20. Rfe1 Kd7 21. Bd2
Rhe8 22. Ne5+ Kc7 23. Re4 Qf5 24. Rae1 Nd4 25. Qc4 Nb3 26. Bc3 h5 27. f3 Red8
28. g4 Qf6 29. Nd7 Qg5 30. Nb6 Nxb6 31. cxb6+ Kxb6 32. Re5 f5 33. Qb4+ Ka7 34.
Ra5+ Nxa5 35. Qxa5+ Kb8 36. Be5+ 1-0

[Event "21st Dubai Open 2019"]
[Site "Dubai UAE"]
[Date "2019.04.06"]
[Round "5.23"]
[White "Harsha, Bharathakoti"]
[Black "Shailesh, Dravid"]
[Result "0-1"]
[WhiteTitle "GM"]
[BlackTitle "FM"]
[WhiteElo "2497"]
[BlackElo "2316"]
[WhiteFideId "5078776"]
[BlackFideId "25017969"]
[EventDate "2019.04.01"]

1. d4 Nf6 2. c4 g6 3. Nc3 Bg7 4. e4 d6 5. f3 O-O 6. Be3 a6 7. Nge2 Nc6 8. Qd2
Bd7 9. Nc1 Nh5 10. Nb3 a5 11. d5 Ne5 12. Nd4 c5 13. Ndb5 f5 14. exf5 gxf5 15. f4
Ng4 16. O-O-O a4 17. a3 Qa5 18. g3 Nhf6 19. h3 Nxe3 20. Qxe3 Rae8 21. Bd3 e6 22.
Nxd6 exd5 23. Nxe8 Rxe8 24. Qf3 b5 25. Nxd5 b4 26. Nxf6+ Bxf6 27. Qd5+ Be6 28.
Qc6 Kf7 29. Qb5 Qa7 30. Bc2 bxa3 31. bxa3 Rb8 32. Qxa4 Qb7 33. Rh2 Qb2+ 34. Kd2
Qc3+ 35. Ke2 Bxc4+ 36. Kf2 Bd4+ 37. Rxd4 Qxd4+ 38. Kg2 Qd2+ 0-1

[Event "21st Dubai Open 2019"]
[Site "Dubai UAE"]
[Date "2019.04.06"]
[Round "5.24"]
[White "Vignesh, N R"]
[Black "Mullick, Raahil"]
[Result "1/2-1/2"]
[WhiteTitle "IM"]
[BlackTitle "CM"]
[WhiteElo "2476"]
[BlackElo "2275"]
[WhiteFideId "25012215"]
[BlackFideId "35080350"]
[EventDate "2019.04.01"]

1. e4 e5 2. Nf3 Nc6 3. Bc4 Bc5 4. O-O Nf6 5. d3 a6 6. c3 Ba7 7. Bg5 d6 8. Bb3 h6
9. Bh4 g5 10. Bg3 Bg4 11. Nbd2 Qd7 12. Kh1 O-O-O 13. Ba4 h5 14. Bxc6 Qxc6 15. h4
Nh7 16. Qe1 f6 17. d4 Rhg8 18. d5 Qb5 19. Qb1 gxh4 20. c4 Qd7 21. Nxh4 Qg7 22.
Qe1 Nf8 23. f3 Bd7 24. Bf2 Ng6 25. Nxg6 Qxg6 26. Rg1 Bxf2 27. Qxf2 Kb8 28. g3 f5
29. exf5 Bxf5 30. Rae1 Rdf8 1/2-1/2

[Event "21st Dubai Open 2019"]
[Site "Dubai UAE"]
[Date "2019.04.06"]
[Round "5.25"]
[White "Darini, Pouria"]
[Black "Bharath, Subramaniyam H"]
[Result "1-0"]
[WhiteTitle "GM"]
[BlackTitle "CM"]
[WhiteElo "2474"]
[BlackElo "2301"]
[WhiteFideId "12502200"]
[BlackFideId "46634827"]
[EventDate "2019.04.01"]

1. e4 c5 2. Nf3 e6 3. d4 cxd4 4. Nxd4 a6 5. Nc3 Qc7 6. Bd3 Nf6 7. Qe2 d6 8. f4
Nbd7 9. g4 g6 10. Be3 Bg7 11. O-O-O Nc5 12. Kb1 b5 13. Bxb5+ axb5 14. Ndxb5 Qa5
15. Nxd6+ Ke7 16. Nc4 Qa7 17. Ne5 Bb7 18. Qc4 Rhc8 19. Nb5 Qb6 20. Rd6 Qa5 21.
Bxc5 Rxc5 22. Rxe6+ Kf8 23. Qxc5+ Kg8 24. Qc4 Bxe4 25. Rxf6 Bxh1 26. b4 Qd8 27.
Qxf7+ Kh8 28. Rd6 Qh4 29. Qc4 Qe1+ 30. Kb2 g5 31. Nc3 h6 32. Nf7+ Kh7 33. Qd3+
Be4 34. Rxh6+ Kg8 35. Rh8+ Bxh8 36. Nh6+ Kh7 37. Qd7+ Bg7 1-0